| 000 | 01233nam a2200325 a 4500 | ||
|---|---|---|---|
| 001 | ebr10642514 | ||
| 003 | CaPaEBR | ||
| 006 | m u | ||
| 007 | cr cn||||||||| | ||
| 008 | 021206s2004 dcu sb 001 0 eng d | ||
| 010 | _z 2002155213 | ||
| 020 | _z0813213177 (alk. paper) | ||
| 020 | _z9780813213170 | ||
| 020 | _z9780813220390 (e-book) | ||
| 040 |
_aCaPaEBR _cCaPaEBR |
||
| 035 | _a(OCoLC)817224575 | ||
| 050 | 1 | 4 |
_aBT701.3 _b.C76 2004eb |
| 082 | 0 | 4 |
_a126 _221 |
| 100 | 1 |
_aCrosby, John F., _d1944- |
|
| 245 | 1 | 0 |
_aPersonalist papers _h[electronic resource] / _cJohn F. Crosby. |
| 260 |
_aWashington, D.C. : _bCatholic University of America Press, _cc2004. |
||
| 300 | _ax, 274 p. | ||
| 504 | _aIncludes bibliographical references (p. 265-269) and index. | ||
| 533 |
_aElectronic reproduction. _bPalo Alto, Calif. : _cebrary, _d2013. _nAvailable via World Wide Web. _nAccess may be limited to ebrary affiliated libraries. |
||
| 650 | 0 |
_aTheological anthropology _xChristianity. |
|
| 650 | 0 | _aPersonalism. | |
| 655 | 7 |
_aElectronic books. _2local |
|
| 710 | 2 | _aebrary, Inc. | |
| 856 | 4 | 0 |
_uhttp://site.ebrary.com/lib/rucke/Doc?id=10642514 _zAn electronic book accessible through the World Wide Web; click to view |
| 999 |
_c43796 _d43796 |
||